| 000 | 00573nam a2200205 a 4500 | ||
|---|---|---|---|
| 001 | 83400 | ||
| 003 | BD-RjUL | ||
| 005 | 20240319112307.0 | ||
| 008 | 240319s19551907enk 000 0 eng d | ||
| 035 | _a(BD-RjUL)83400 | ||
| 040 |
_aSZB _beng _cBD-RjUL |
||
| 041 | _aeng | ||
| 082 |
_223 _a823.912 _bFOR 1955 |
||
| 100 | 1 |
_aForster, E. M. _q(Edward Morgan), _d1879-1970, _eauthor _912372 |
|
| 245 | 1 | 4 |
_aThe longest journey / _cE. M. Forster |
| 260 |
_aLondon : _bArnold, _c1907, [reprinted 1955) |
||
| 300 |
_a320 p.; _c17 cm. |
||
| 650 | _aEnglish Fiction | ||
| 942 |
_2ddc _cBK |
||
| 999 |
_c83400 _d83400 |
||